000
002600000a22000970004500
100
1
_a
Bray, Gerald
245
1
0
_a
The significance of God's image in man
300
_a
Vol. 2, Num. 42 (Noviembre, 1991), Páginas 195-225
773
0
_t
Tyndale Bulletin
942
_c
ANA
999
_c
56707
_d
56707